000 00394nam a22001457a 4500
020 _qPB.
040 _cFIZZA ISHAQ
082 _a820.8
_bSTE
100 _aGREENBLATT,STEPHEN.
_9133870
245 _aTHE NORTON ANTHOLOGY OF ENGLISH LITERATURE /
_cSTEPHEN GREENBLATT.
250 _a8TH ED.
260 _aNEW YORK ;
_bNORTON & COMPANY,
_c2006.
300 _a2897 P. ;
_c9.4X6IN
942 _2ddc
_cBK
999 _c616847
_d616847